000 00794nam a2200277 a 4500
999 _c11764
_d11764
001 11764
003 BD-JhCC
005 20200903085625.0
008 200903b2017 us a|||| ||a| 001 0 eng d
020 _a9780241365823
035 _a(BD-JhCC)11764
040 _aBD-JhCC
_dBD-JhCC
041 _aeng
082 _a612
_bCLA 2017
100 _aClaybourne,Anna
245 _aHuman Body /
_cAnna Claybourne, John Farndon, John Friend, Nicola Temple, Arran Lewis.
260 _aus:
_bDK Publishing;
_c2017.
300 _a208 p. :
_bill;
_c26 cm.
651 _aHuman body
_xHuman anatomy
_yHuman physiology
_zHuman physiology--Experiments
700 _aFarndon,John
700 _a Friend,John
700 _aTemple, Nicola
700 _aLewis,Arran
942 _2ddc
_cBK